000 00297nam a2200121Ia 4500
005 20251222143234.0
008 251222s9999||||xx |||||||||||||| ||spa||
082 _a348.55/B64I
100 _aBlossiers Hüme, Juan José
245 0 _aInformática Jurídica
264 _bPortocarrero
942 _cLIB
999 _c14326
_d14326